000 01523nam a2200301 a 4500
001 000013995
005 20240302073956.0
008 091202t1936 dr 011 0bspa d
040 _aDO-SdBNP
_bspa
_cBNPHU
082 _a923.57293
_bG633M
100 1 _aMejía de Fernández, Abigail,
_d1895-1941
_923312
245 1 0 _aVida de Máximo Gómez en Santo Domingo ;
_bLa familia de Máximo Gómez, Cartas de Máximo Gómez /
_cAbigail Mejía de Fernández, Emilio Rodríguez Demorizi.
260 _aCiudad Trujillo, República Dominicana :
_bCaribes,
_c1936.
300 _a71, 111, 71 p. :
_bil., gráf. ;
_c22 cm.
500 _a"Contribución a la biografía del libertador en la conmemoración de su centenario (noviembre 1836-1936)".
500 _aIncluye árbol genealógico de Máximo Gómez.
501 _aEncuadernado con: La familia de Máximo Gómez -- Cartas a Máximo Gómez / compilador Emilio Rodríguez Demorizi.
504 _aIncluye referencias bibliográficas y notas al pie de las páginas.
563 _aTres obras encuadernadas juntas con paginación independiente
600 1 0 _aGómez, Máximo,
_d1836-1905
_912249
651 4 _aRepública Dominicana
_xHistoria
_9170
651 4 _aCuba
_xHistoria
_xGuerra De Los Diez Años, 1868-1878
_931666
651 4 _aCuba
_xHistoria
_xGuerra De Independencia, 1895-1898
_931667
700 1 2 _aRodríguez, Emilio Rodríguez
_931668
740 3 2 _aCartas a Máximo Gómez
740 3 2 _aLa familia de Máximo Gómez
910 _aValidado. Control de calidad MMOLINA
999 _c13599
_d13599